000
00193 a2200097 4500
001
30897
100
_a
Salik
245
_a
Hazrat Ali
260
_a
Lahore
_b
Book House
_c
090
_c
20792
_d
20792
942
_a
NUST-CAE
_c
_c
11994
999
_c
265970
_d
265970